banner-ar

ISLAMIC ART IN CAIRO : (Record no. 16468)

MARC details
000 -الفاتح
حقل البيانات ثابتة الطول 00666nam a2200229Ia 4500
008 - عناصر البيانات ثابتة الطول - معلومات عامة
حقل البيانات ثابتة الطول 140319s9999 xx 000 0 eng d
020 ## - الرقم الدولى المعيارى للكتب
الرقم الدولى المعيارى للكتاب 4774245156
040 ## - مصدر الفهرسة
وكالة الفهرسة الأصلية GCL /
وكالة النسخ GCL
082 04 - رقم تصنيف ديوى العشرى
رقم التصنيف 700.48297
رقم المادة S I
100 1# - المدخل الرئيسى - إسم شخصى
الإسم الشخصى D'AVENNES, E. PRISSE
245 10 - بيان العنوان
العنوان ISLAMIC ART IN CAIRO :
بقية العنوان FROM THE 7 th TO THE 18 th CENTURIES /
بيان المسئوليه,etc D'AVENNES, E. PRISSE
700 1# - المدخل الاضافى - اسم شخصى
الإسم الشخصى SCANLON, GEORGE T
700 1# - المدخل الاضافى - اسم شخصى
الإسم الشخصى YASEEN, SIDDIQUI
250 ## - بيان الطبعة
بيان الطبعة FIRST
260 ## - PUBLICATION, DISTRIBUTION, ETC. (IMPRINT)
تاريخ النشر أو التوزيع 1999
300 ## - الوصف المادى
التعداد 228 P:
تفاصيل ماديه اخرى للوعاء ILL ؛
أبعاد الوعاء 25 cm.
650 04 - المدخل الاضافى بالموضوع-مصطلح موضوعى
مصطلح موضوعي ARTS
650 04 - المدخل الاضافى بالموضوع-مصطلح موضوعى
مصطلح موضوعي ART, ISLAMIC
650 04 - المدخل الاضافى بالموضوع-مصطلح موضوعى
مصطلح موضوعي ISLAM - ARTS
942 ## - عناصر المدخل الإضافي( كوها)
مصدر التصنيف او مخطط الترفيف Dewey Decimal Classification
Koha [default] item type كتاب
260 ## - PUBLICATION, DISTRIBUTION, ETC. (IMPRINT)
-- القاهرة :
-- THE AMERICAN UNIVERSITY IN CAIRO PRESS ،
Holdings
حالة التراجع حالة الفقد حالة تلف ليس للاعارة المكان المؤقت الموقع الحالى تاريخ الاكتساب اجمالي اﻻعارات رقم الطلب الباركود تاريخ اخر مشاهدة تاريخ تفعيل السعر نوع وعاء كوها
        مكتبة القاهرة الكبرى مكتبة القاهرة الكبرى 03/26/2014   700.48297\S I 29892 03/26/2014 03/26/2014 كتاب
        مكتبة القاهرة الكبرى مكتبة القاهرة الكبرى 03/26/2014   700.48297\S I 29893 03/26/2014 03/26/2014 كتاب
        مكتبة القاهرة الكبرى مكتبة القاهرة الكبرى 03/26/2014   700.48297\S I 29894 03/26/2014 03/26/2014 كتاب
        مكتبة القاهرة الكبرى مكتبة القاهرة الكبرى 03/26/2014   700.48297\S I 29895 03/26/2014 03/26/2014 كتاب
        مكتبة القاهرة الكبرى مكتبة القاهرة الكبرى 03/26/2014   700.48297\S I 29896 03/26/2014 03/26/2014 كتاب

Powered By

EGPV